000 00654nam a2200181Ia 4500
008 100921s9999 xx 000 0 und d
082 _b39839
_a891.463 न 05
100 _aहरकारे अरूण.
245 _aकिशोरीचा त्याग.
260 _bमंगल दीप प्रकाशन, पुणे.
_c2005
300 _a256
_bस्वरदा बुक्स
365 _b240
520 _aललित-कादंबरी.
630 _aकिशोरीचा त्याग.
650 _aललित-कादंबरी.
730 _aकिशोरीचा त्याग.
942 _cBOOK
999 _c788952
_d788949